000 00456nam a22001577a 4500
005 20251108164658.0
008 250721s9999 xx 000 0 ara d
082 1 4 _a811.093/زيد
100 1 _aأبو زيد، سعيد
245 1 0 _aإلياذة القرن العشرين في جحود الزوجات و عقوق البنين /
264 _c[19-].
300 _a103 ص.
650 1 7 _aالشعر الملحمي
942 _2ddc
_cBK
999 _c11634
_d11634